Marques Françaises ou non ? - Statistiques

Statistiques générales
  • Ce quiz a été pris 344 fois
  • Le résultat moyen est 8 sur 15
Answers on the Grid
Answers color-coded by a green-red scale on the quiz's grid according to % correct below.
IKEA
Cartier
Nestlé
Lacoste
Yves Rocher
Toyota
Michelin
Nike
Peugeot
JBL
Danone
H&M
Bugatti
Samsung
Décathlon
Lindt
Rimmel
Total
Apple
Renault
AXA
Colgate
Hermes
Adidas
Evian
BNP
Ford
Nespresso
Huawei
L’Oréal
 
Statistiques - réponses
Réponse % Correct
Cartier
75%
Peugeot
69%
Yves Rocher
68%
Michelin
66%
Lacoste
63%
Evian
62%
Renault
61%
L’Oréal
58%
Décathlon
53%
Total
50%
Danone
48%
BNP
47%
Hermes
45%
AXA
42%
Bugatti
31%
Aucun quiz correspondant
Distribution des résultats
% des personnes avec chaque résultat
Percentile par nombre de réponses
Votre historique - résultats
Vous n’avez pas pris ce quiz